| 000 | 00528nam a2200133Ia 4500 | ||
|---|---|---|---|
| 008 | 170221s9999 xx 000 0 und d | ||
| 100 | _aKathleen Herbohn | ||
| 245 | 4 | _aThe Market Response to Beating After-tax Earnings Targets Revisited using Analysts’ Pre-tax Earnings Forecasts and Concurrent Tax Note Disclosures(pages 31–65) | |
| 245 | _cKathleen Herbohn, Irene Tutticci and Zhi Tan | ||
| 260 | _c2012 | ||
| 300 | _a10 : 2 | ||
| 650 | _xBusiness | ||
| 856 | _uhttp://onlinelibrary.wiley.com/doi/10.1111/jbfa.12181/epdf | ||
| 999 |
_c311722 _d311722 |
||